000
00254nam a22001217a 4500
008
260312b ||||| |||| 00| 0 eng d
041
_a
eng
080
_a
2.1
100
_a
22
101
_a
kopju
245
_a
international Conference
942
_2
udc
_c
BK
999
_c
60892
_d
60892